Catálogo

Conceptos de genética / (Registro nro. 69083)

Detalles MARC
000 -LEADER
fixed length control field 01430aam a2200373 i 4500
001 - CONTROL NUMBER
control field 69083
003 - CONTROL NUMBER IDENTIFIER
control field Mx-PuUPA
005 - DATE AND TIME OF LATEST TRANSACTION
control field 20240410104310.0
008 - FIXED-LENGTH DATA ELEMENTS--GENERAL INFORMATION
fixed length control field 200907s2013 sp a|||fr|||| 001 0 spa d
020 ## - INTERNATIONAL STANDARD BOOK NUMBER
International Standard Book Number 9788415552499
040 ## - CATALOGING SOURCE
Original cataloging agency Mx-PuUPA
Language of cataloging spa
Transcribing agency Mx-PuUPA
Modifying agency Mx-PuUPA
Description conventions rda
041 0# - LANGUAGE CODE
Language code of text/sound track or separate title spa
100 1# - MAIN ENTRY--PERSONAL NAME
9 (RLIN) 10872
Personal name Klug, William S.,
Dates associated with a name 1941-
Relator term autor
240 10 - UNIFORM TITLE
Uniform title Concepts of genetics.
Language of a work Español
245 10 - TITLE STATEMENT
Title Conceptos de genética /
Statement of responsibility, etc. William S. Klug, Michael R. Cummings, Charlotte A. Spencer, Michael A. Palladino ; traducción, Vuelapluma
250 ## - EDITION STATEMENT
Edition statement Décima edición
264 #4 - PRODUCTION, PUBLICATION, DISTRIBUTION, MANUFACTURE, AND COPYRIGHT NOTICE
Place of production, publication, distribution, manufacture Madrid, España :
Name of producer, publisher, distributor, manufacturer Pearson Educación,
Date of production, publication, distribution, manufacture, or copyright notice 2013
300 ## - PHYSICAL DESCRIPTION
Extent xxxvii, 949 páginas :
Other physical details ilustraciones ;
Dimensions 27 cm
336 ## - CONTENT TYPE
Fuente rdacontent
Content type term texto
Content type code txt
337 ## - MEDIA TYPE
Source rdamedia
Media type term sin medio
Media type code n
338 ## - CARRIER TYPE
Source rdacarrier
Carrier type term volumen
Carrier type code nc
650 #4 - SUBJECT ADDED ENTRY--TOPICAL TERM
Topical term or geographic name entry element Genética
650 #4 - SUBJECT ADDED ENTRY--TOPICAL TERM
Topical term or geographic name entry element Genética humana
650 #4 - SUBJECT ADDED ENTRY--TOPICAL TERM
Topical term or geographic name entry element Genética
Form subdivision Manuales
700 1# - ADDED ENTRY--PERSONAL NAME
Personal name Cummings, Michael R.,
Relator term autor
700 1# - ADDED ENTRY--PERSONAL NAME
Personal name Spencer, Charlotte A.,
Relator term autor
700 1# - ADDED ENTRY--PERSONAL NAME
Personal name Palladino, Michael A.,
Relator term autor
710 2# - ADDED ENTRY--CORPORATE NAME
Corporate name or jurisdiction name as entry element Vuelapluma,
Relator term traductor
765 08 - ORIGINAL LANGUAGE ENTRY
Main entry heading Klug, William S., 1941-
Title Concepts of genetics.
Edition 10th edition
Place, publisher, and date of publication [Lugar de publicación no identificado] : Pearson Education, ©2012
942 ## - ADDED ENTRY ELEMENTS (KOHA)
Source of classification or shelving scheme Dewey Decimal Classification
Koha item type Libro
Classification part 611.01816
Item part K666
Existencias
Withdrawn status Lost status Source of classification or shelving scheme Damaged status Not for loan Collection code Home library Current library Shelving location Date acquired Source of acquisition Cost, normal purchase price Total Checkouts Full call number Barcode Date last seen Date last checked out Cost, replacement price Price effective from Koha item type
    Dewey Decimal Classification     General Biblioteca Karol Wojtyla Biblioteca Karol Wojtyla Sala general 21/08/2021 11 3200.98 2 611.01816 K666 2013 101633 30/04/2026 30/04/2026 3200.98 21/08/2021 Reserva permanente